| 000 | 00979nas a2200313 4500 | ||
|---|---|---|---|
| 001 | BR2013008317 | ||
| 003 | BR-BrBNA | ||
| 005 | 20231205123054.0 | ||
| 007 | ta | ||
| 008 | 230509b bl.|||p| |||| 00| 00por d | ||
| 040 |
_aBR-BrBNA _bpor _cBiblioteca Nacional de Agricultura |
||
| 041 | _a(En) | ||
| 072 | _aF60 | ||
| 100 | 1 | _aCosta, L.M. da | |
| 100 | 1 | _aTronto, J. | |
| 100 | 1 | _aConstantino, V.R.L. | |
| 100 | 1 | _aFonseca, M.K.A. | |
| 100 | 1 | _aOliveira, A.P. | |
| 100 | 1 | _aCosta, M.R. da | |
| 245 | 1 | _aExtraction and concentration of biogenic calcium oxalate from plant leaves | |
| 650 | _aCRÓTON | ||
| 650 | _aPLANTA MEDICINAL | ||
| 650 | _aFOLHA | ||
| 650 | _aPROPRIEDADE FISICO-QUÍMICA | ||
| 773 | 0 |
_tRevista Brasileira de Ciência do Solo (Brazil) _xISSN 0100-0683 _g(May-Jun 2009), v. 33(3) p. 729-733 _wBR2013008317 |
|
| 856 | 4 | 0 | _uhttp://www.scielo.br/pdf/rbcs/v33n3/v33n3a25.pdf |
| 909 |
_a202311 _bLúcia _c55 _dLúcia Elande |
||
| 942 |
_2AGRIS _n0 _cANA |
||
| 999 |
_c232036 _d232036 |
||